Big in Canada Musical Acts Quiz - Statistics

General Stats
  • This quiz has been taken 6 times
  • The average score is 4 of 15
Answer Stats
Songs Artist/Band % Correct
Hallelujah, You Want It Darker Leonard Cohen
100%
New Orleans Is Sinking, Bobcaygeon The Tragically Hip
83%
The Hockey Song, Moon-Man Newfie Stompin' Tom Connors
50%
Bring The Boys Home, Insensitive Jann Arden
33%
Money City Maniacs, Everything You've Done Wrong Sloan
33%
Blame Your Parents, Since When 54-40
17%
Breathing Underwater, Gimme Sympathy Metric
17%
Silver, Leave It Alone Moist
17%
Somewhere Out There, Clumsy Our Lady Peace
17%
The Last Saskatchewan Pirate, Carrot Juice is Murder The Arrogant Worms
17%
The White House Burned (The War of 1812), The Toronto Song Three Dead Trolls In A Baggie
17%
Magic Power, Rocky Mountain Way Triumph
17%
Birmingham, Dark Horse Amanda Marshall
0%
Knocking At The Door, Years In The Making Arkells
0%
Red Flag, Rusted from the Rain Billy Talent
0%
No matching quizzes found
Score Distribution
Percent of People with Each Score
Percentile by Number Answered
Your Score History
You have not taken this quiz